LDR 00572naa#a2200169#i#450# 001 EN\INFRA-M\bibl\63940 005 20260414092621.2 011 ## _a1998-0701 100 ## _a20230228b2023####ek#y0engy0150####ca 102 ## _aRU 200 1# _aAbility to Apply the Concept of Integrated Reporting to the Territory _eJournal article 210 1# _aMoscow _cINFRA-M Academic Publishing LLC. _d2023 215 ## _a5 с. 608 ## _aJournal article _2local 675 ## _aПроверка отчетности. Аудит. Ревизия. 657.6 _z 700 #1 _aEremeeva _gOl'ga Sergeevna 856 4# _anaukaru.ru _u